La obra pictórica completa de Giotto / (Record no. 180594)

MARC details
000 -LEADER
campo de control de longitud fija 00830nam a2200253 i 4500
001 - NÚMERO DE CONTROL
campo de control 180594
003 - IDENTIFICADOR DE NÚMERO DE CONTROL
campo de control ES-MaACL
005 - FECHA Y HORA DE LA ÚLTIMA TRANSACCIÓN
campo de control 20230906221136.0
008 - DATOS DE LONGITUD FIJA--INFORMACIÓN GENERAL
campo de control de longitud fija 120614s1971 sp af |||| |bspa d
080 ## - NÚMERO DE LA CLASIFICACIÓN DECIMAL UNIVERSAL
Número de la Clasificación Decimal Universal 75Giotto
100 1# - ENTRADA PRINCIPAL--NOMBRE DE PERSONA
Nombre de persona Giotto.
9 (RLIN) 150589
245 13 - MENCIÓN DEL TÍTULO
Título La obra pictórica completa de Giotto /
Mención de responsabilidad, etc. introducción de Giancarlo Vigorelli ; biografía y estudios críticos de Edi Baccheschi.
260 ## - PUBLICACIÓN, DISTRIBUCIÓN, ETC.
Lugar de publicación, distribución, etc. Barcelona :
Nombre del editor, distribuidor, etc. Noguer,
Fecha de publicación, distribución, etc. [1971] (
Fabricante Rizzoli)
300 ## - DESCRIPCIÓN FÍSICA
Extensión 128 p. :
Otras características físicas il. col. y n. ;
Dimensiones 32 cm.
490 1# - MENCIÓN DE SERIE
Mención de serie Clásicos del arte ;
Designación de volumen o secuencia 22
500 ## - NOTA GENERAL
Nota general Índices.
504 ## - NOTA DE BIBLIOGRAFÍA, ETC.
Nota de bibliografía, etc. Bibliografía: p. 82.
600 17 - PUNTO DE ACCESO ADICIONAL DE MATERIA--NOMBRE DE PERSONA
Nombre de persona Giotto.
9 (RLIN) 150589
700 1# - ENTRADA AGREGADA--NOMBRE PERSONAL
Nombre de persona Vigorelli, Giancarlo.
9 (RLIN) 114669
700 1# - ENTRADA AGREGADA--NOMBRE PERSONAL
Nombre de persona Baccheschi, Edi.
9 (RLIN) 150590
830 0# - PUNTO DE ACCESO ADICIONAL DE SERIE-TÍTULO UNIFORME
Título uniforme Clásicos del arte ;
Designación de volumen o secuencia 22
9 (RLIN) 191252
852 ## - LOCALIZACIÓN
Ubicación ES-MaACL
Número de control de estantería L-31057
Holdings
Estatus retirado Estado de pérdida Estado de daño No para préstamo Biblioteca de origen Biblioteca actual Ubicación en estantería Fecha de adquisición Fuente de adquisición Total de préstamos Signatura topográfica completa Código de barras Visto por última vez Precio de reemplazo Tipo de ítem Koha
        Biblioteca del Ateneo de Madrid Biblioteca del Ateneo de Madrid Depósito 2 14/06/2012     L-31057 1189764 23/02/2023 23/02/2023 Libro impreso